000 01013nam a2200241Ia 4500
001 16233
003 GE_BSU
008 181216s||||||||xx |||||||||||||| ||und||
020 _aISBN 978-9941-13-223-0
040 _cGE_BSU
080 _a631.4(075.8):551.4
100 _aურუშაძე, თენგიზ,ვინფრიდ ბლუმი
245 _aნიადაგების გეოგრაფია ნიადაგმცოდნეობის საფუძვლებით
245 _bსახელმძღვ.
245 _cრედ. ლია მაჭავარიანი
250 _aივ. ჯავახიშვილის სახ. თსუ.
260 _aთბილისი
260 _bთბილ. უნ-ტის გამ-ბა,
260 _c2011
300 _a426 გვ. : ილ., ცხრ. ; 26 სმ.. - დანართი: გვ. 419-425. - ბიბლიოგრ.: გვ. 414-415.
541 _h46ლ.
942 _cBK
999 _c49317
_d49317